00406nam a2200109Ia 4500008004100000040004400041245009100085260003200176300000800208500006500216999001500281180412s9999||||xx |||||||||||||| ||und|| aAhmadu Bello University Library - Zaria 0aUderstanding how Resources are AllocatedcINTERNATIONAL FOOD POLICY RESEARCH INSTITUTE bWashington, D.D: IFPRc1992 a52p aUnderstanding how resources are allocated within households. c6450d6450